000 00722nam a2200241Ia 4500
003 OSt
005 20220924113202.0
006 a|||||r|||| 00| 0
007 ta
008 220923b |||||||| |||| 00| 0 ara d
024 _a231773
037 _cDictionary
040 _aARTS
_cARTS
_bara
041 _2ara
_aara
082 _aX8:(P111:4)k, 28N82(FAL/RR)
100 _aBrech E.F.L. Ed.
_9125528
245 0 _aManagement glossary
_b English - Arabic with Arabic index
260 _aBeirut
_bTypopress
_c1982
300 _aviii+154p.+with arabic index
_ccm.
650 _aECONOMICS
942 _hX8:(P111:4)k, 28N82(FAL/RR)
_cdic
_2cc
999 _c389481
_d389481